Countries With the Letter B - Statistics

General Stats
  • This quiz has been taken 72 times
    63 since last reset
  • The average score is 34 of 46
Answer Stats
Answer % Correct
Belgium
91%
Bosnia andHerzegovina
88%
Botswana
88%
Bolivia
85%
Albania
82%
Bahamas
82%
Bahrain
82%
Bangladesh
82%
Barbados
82%
Bhutan
82%
Brazil
82%
Bulgaria
82%
Democratic Republicof the Congo
82%
Belarus
79%
Brunei
79%
Burkina Faso
79%
Burundi
79%
Republic of the Congo
79%
Azerbaijan
76%
Belize
76%
Gambia
76%
Zambia
76%
Benin
74%
Gabon
74%
Liberia
74%
Libya
74%
Saudi Arabia
74%
United Arab Emirates
74%
Zimbabwe
74%
Antigua and Barbuda
71%
Cambodia
71%
Colombia
71%
Djibouti
71%
Dominican Republic
71%
Lebanon
71%
Luxembourg
71%
Central African Republic
68%
Guinea-Bissau
68%
Namibia
68%
Trinidad and Tobago
68%
Uzbekistan
68%
Cuba
62%
Serbia
62%
Czech Republic
56%
Mozambique
56%
Kiribati
44%
No matching quizzes found
Score Distribution
Percent of People with Each Score
Percentile by Number Answered
Your Score History
You have not taken this quiz since the last reset